[Event "113th YMCA Autumn C"]
[Site "Warszawa"]
[Date "2012.10.16"]
[Round "1"]
[White "Rodak, Przemyslaw"]
[Black "Hacia, Damian"]
[Result "1-0"]
[WhiteElo "1614"]
[BlackElo "1627"]
[PlyCount "67"]
[EventDate "2012.09.18"]
[EventType "tourn"]
[EventRounds "1"]
[EventCountry "POL"]
[SourceDate "2012.09.18"]

1. d4 Nf6 2. c4 e5 3. dxe5 Ng4 4. Nf3 Nc6 5. Bg5 Be7 6. Bf4 O-O 7. h3 Nh6 8.
Bxh6 gxh6 9. Qd2 Bg5 10. e3 Re8 11. h4 Be7 12. Bd3 Bb4 13. Nc3 Nxe5 14. Bc2 Qf6
15. O-O-O Nxf3 16. gxf3 Bxc3 17. bxc3 d6 18. Rdg1+ Kf8 19. Bxh7 Bf5 20. Bxf5
Qxf5 21. Qd5 Qf6 22. Kc2 Rab8 23. f4 a6 24. a4 c6 25. Qd3 b5 26. cxb5 cxb5 27.
axb5 Rxb5 28. Rb1 Reb8 29. Rxb5 Rxb5 30. Rb1 Rxb1 31. Kxb1 Qg6 32. Qxg6 fxg6
33. e4 Kf7 34. Kb2 1-0

[Event "113th YMCA Autumn C"]
[Site "Warszawa"]
[Date "2012.09.18"]
[Round "1"]
[White "Kokoszczynski, Jan"]
[Black "Blank, Kamil"]
[Result "1/2-1/2"]
[WhiteElo "1584"]
[BlackElo "1680"]
[Annotator "Admin"]
[PlyCount "49"]
[EventDate "2012.09.18"]
[EventType "tourn"]
[EventRounds "1"]
[EventCountry "POL"]
[SourceDate "2012.09.18"]

1. d4 d5 2. c4 Nf6 3. cxd5 Nxd5 4. e4 Nb6 5. Nc3 g6 6. Be3 Bg7 7. Bb5+ c6 8.
Be2 O-O 9. f4 Na6 10. Nf3 Nc7 11. O-O Be6 12. Ng5 Bc4 13. Rc1 Bxe2 14. Nxe2 Qd7
15. Qb3 Ne6 16. Nxe6 Qxe6 17. Qxe6 fxe6 18. b3 Nc8 19. Ng3 Nd6 20. e5 Nb5 21.
Ne4 Nc7 22. Nc5 b6 23. Ne4 Nd5 24. Bd2 Bh6 25. Rxc6 $11 1/2-1/2

[Event "113th YMCA Autumn C"]
[Site "Warszawa"]
[Date "2012.09.18"]
[Round "1"]
[White "Bartczak, Hanna"]
[Black "Kalhorn, Marcin"]
[Result "1/2-1/2"]
[WhiteElo "1562"]
[BlackElo "1625"]
[Annotator "Admin"]
[PlyCount "63"]
[EventDate "2012.09.18"]
[EventType "tourn"]
[EventRounds "1"]
[EventCountry "POL"]
[SourceDate "2012.09.18"]

1. Nf3 d6 2. d4 g6 3. g3 Bg7 4. Bg2 Nd7 5. c4 e5 6. Nc3 Ne7 7. e3 O-O 8. O-O
Nf5 9. Rb1 c6 10. Qd2 Qe7 11. b3 e4 12. Ne1 Nf6 13. d5 c5 14. Bb2 h5 15. h3 Nh6
16. f3 exf3 17. Nxf3 Nf5 18. Kf2 Bh6 19. Rfe1 Re8 20. Bc1 b5 21. cxb5 Bb7 22.
Nh2 Qe5 23. Nf1 Rac8 24. Qd3 Rc7 25. e4 Bxc1 26. Rbxc1 Qd4+ 27. Qxd4 Nxd4 28.
Nd2 Rce7 29. Ndb1 Bc8 30. Rcd1 Bd7 31. Rd3 Nxb5 32. Nxb5 $11 1/2-1/2

[Event "113th YMCA Autumn C"]
[Site "Warszawa"]
[Date "2012.09.18"]
[Round "1"]
[White "Budrewicz, Henryk"]
[Black "Wrabel, Antoni"]
[Result "1/2-1/2"]
[WhiteElo "1619"]
[BlackElo "1686"]
[Annotator "Admin"]
[PlyCount "70"]
[EventDate "2012.09.18"]
[EventType "tourn"]
[EventRounds "1"]
[EventCountry "POL"]
[SourceDate "2012.09.18"]

1. d4 Nf6 2. Bf4 d6 3. Nf3 c6 4. e3 Qb6 5. b3 Bg4 6. Be2 Nbd7 7. O-O h6 8. h3
Bxf3 9. Bxf3 e5 10. Bh2 Be7 11. c4 O-O 12. Nc3 Rad8 13. Rb1 a5 14. a3 Qc7 15.
Qd3 Rfe8 16. b4 axb4 17. axb4 Ra8 18. d5 Ra3 19. Ra1 e4 20. Bxe4 Rxc3 21. Qxc3
Nxe4 22. Qd3 Bf6 23. Ra3 cxd5 24. c5 Qc6 25. f3 Ng5 26. Bxd6 Be5 27. b5 Qc8 28.
Bxe5 Nxe5 29. Qxd5 Nxh3+ 30. Kh2 Ng5 31. Rc3 Qf5 32. Kh1 Qg6 33. Rf2 Qb1+ 34.
Kh2 Qxb5 35. Rb3 Qa4 $11 1/2-1/2

[Event "113th YMCA Autumn C"]
[Site "Warszawa"]
[Date "2012.09.18"]
[Round "1"]
[White "Duda, Ryszard"]
[Black "Baranowicz, Jan"]
[Result "0-1"]
[WhiteElo "1647"]
[BlackElo "1652"]
[PlyCount "88"]
[EventDate "2012.09.18"]
[EventType "tourn"]
[EventRounds "1"]
[EventCountry "POL"]
[SourceDate "2012.09.18"]

1. c4 g6 2. Nc3 Bg7 3. d4 c5 4. Nf3 cxd4 5. Nxd4 Nc6 6. e3 Nf6 7. Be2 O-O 8.
O-O Nxd4 9. exd4 d5 10. cxd5 Nxd5 11. Bf3 Be6 12. Bg4 Bxg4 13. Qxg4 Rc8 14. Qf3
e6 15. Nxd5 Qxd5 16. Qxd5 exd5 17. Be3 Rc2 18. Rab1 Rfc8 19. Rfe1 R8c4 20. Red1
Re2 21. Rdc1 Rxc1+ 22. Rxc1 Rxb2 23. g3 Kf8 24. Rc5 Rxa2 25. Rxd5 a6 26. Rc5 b5
27. d5 Ke8 28. Bf4 b4 29. Rc8+ Kd7 30. Rc7+ Kd8 31. Rxf7 b3 32. Bg5+ Kc8 33. d6
Ra1+ 34. Kg2 Rd1 35. Rc7+ Kb8 36. Bf4 g5 37. d7 gxf4 38. Rc8+ Kb7 39. d8=Q Rxd8
40. Rxd8 b2 41. Rd1 fxg3 42. hxg3 a5 43. Kf1 a4 44. Ke2 a3 0-1

[Event "113th YMCA Autumn C"]
[Site "Warszawa"]
[Date "2012.10.03"]
[Round "1"]
[White "Wilczynski, Adam"]
[Black "Kwiek, Janusz"]
[Result "0-1"]
[WhiteElo "1654"]
[BlackElo "1669"]
[PlyCount "96"]
[EventDate "2012.09.18"]
[EventType "tourn"]
[EventRounds "1"]
[EventCountry "POL"]
[SourceDate "2012.09.18"]

1. Nf3 Nf6 2. c4 e6 3. g3 Nc6 4. Bg2 Be7 5. b3 O-O 6. Bb2 d5 7. O-O d4 8. e3 e5
9. exd4 exd4 10. d3 Bc5 11. a3 a5 12. Nbd2 Bf5 13. Qc2 Qd7 14. Rfe1 Rfe8 15.
Nh4 Bh3 16. Bh1 Rxe1+ 17. Rxe1 Re8 18. Ne4 Nxe4 19. Rxe4 Rxe4 20. Bxe4 g5 21.
Qd2 h6 22. Ng2 f5 23. Bd5+ Kg7 24. f4 Qe7 25. fxg5 hxg5 26. Ne1 Kg6 27. Nc2 Qe5
28. Bxc6 bxc6 29. b4 axb4 30. axb4 Be7 31. Bxd4 Qe6 32. Qe3 Qxe3+ 33. Bxe3 Bg4
34. Bd2 Be2 35. Ne1 c5 36. b5 Kf6 37. Kf2 Bd1 38. Nf3 Kg6 39. Ne5+ Kf6 40. Nc6
Bd6 41. Bc3+ Ke6 42. Bd2 f4 43. Nd8+ Kf5 44. Nf7 Be7 45. gxf4 gxf4 46. Bc3 Bh4+
47. Kf1 f3 48. Be1 Be2+ 0-1

[Event "113th YMCA Autumn C"]
[Site "Warszawa"]
[Date "2012.09.28"]
[Round "2"]
[White "Baranowicz, Jan"]
[Black "Wilczynski, Adam"]
[Result "1-0"]
[WhiteElo "1652"]
[BlackElo "1654"]
[PlyCount "63"]
[EventDate "2012.09.18"]
[EventType "tourn"]
[EventRounds "1"]
[EventCountry "POL"]
[SourceDate "2012.09.18"]

1. e4 c5 2. Nc3 Nc6 3. f4 e6 4. Nf3 d5 5. Bb5 Nge7 6. exd5 exd5 7. Qe2 Bg4 8.
Bxc6+ bxc6 9. O-O Qd6 10. d3 f6 11. b3 Qe6 12. Qf2 Bxf3 13. Qxf3 Kf7 14. f5 Qe5
15. Bb2 h5 16. Rae1 Qd4+ 17. Kh1 Qg4 18. Qf2 h4 19. h3 Qg3 20. Qe2 Qd6 21. Ba3
Ng8 22. Bxc5 Qd7 23. Na4 Bd6 24. Qg4 Ne7 25. Re6 Bxc5 26. Nxc5 Qc7 27. Rfe1
Rae8 28. d4 Qg3 29. Qe2 Qc7 30. Kg1 Qd8 31. Nb7 Qc7 32. Nd6+ 1-0

[Event "113th YMCA Autumn C"]
[Site "Warszawa"]
[Date "2012.09.25"]
[Round "2"]
[White "Wrabel, Antoni"]
[Black "Duda, Ryszard"]
[Result "1-0"]
[WhiteElo "1686"]
[BlackElo "1647"]
[PlyCount "87"]
[EventDate "2012.09.18"]
[EventType "tourn"]
[EventRounds "1"]
[EventCountry "POL"]
[SourceDate "2012.09.18"]

1. e4 e6 2. d4 d5 3. exd5 exd5 4. Bd3 Nf6 5. Nf3 Be7 6. O-O O-O 7. h3 Nbd7 8.
Bf4 Ne4 9. Ne5 Ndf6 10. f3 Nd6 11. c3 Bf5 12. Qc2 Qc8 13. Nd2 Bxd3 14. Qxd3 Qf5
15. Qxf5 Nxf5 16. Rfe1 Rfe8 17. g4 Nd6 18. Nb3 b6 19. Nc6 Bf8 20. Kf2 a5 21.
Nd2 Rxe1 22. Rxe1 Re8 23. Re3 Rxe3 24. Kxe3 h6 25. Bg3 Nfe8 26. Kd3 f5 27. c4
fxg4 28. hxg4 dxc4+ 29. Nxc4 Nxc4 30. Kxc4 Nd6+ 31. Kd5 Kf7 32. Nd8+ Ke7 33.
Bxd6+ cxd6 34. Ne6 g6 35. Nxf8 Kxf8 36. Kxd6 h5 37. gxh5 gxh5 38. Ke5 h4 39.
Kf4 Kf7 40. Kg4 h3 41. Kxh3 Ke6 42. Kg4 Kd5 43. f4 Kxd4 44. f5 1-0

[Event "113th YMCA Autumn C"]
[Site "Warszawa"]
[Date "2012.09.25"]
[Round "2"]
[White "Kalhorn, Marcin"]
[Black "Budrewicz, Henryk"]
[Result "0-1"]
[WhiteElo "1625"]
[BlackElo "1619"]
[Annotator "Admin"]
[PlyCount "82"]
[EventDate "2012.09.18"]
[EventType "tourn"]
[EventRounds "1"]
[EventCountry "POL"]
[SourceDate "2012.09.18"]

1. e4 c5 2. Nf3 Nc6 3. d4 cxd4 4. Nxd4 e5 5. Nb5 d6 6. N1c3 a6 7. Na3 b5 8. Nd5
Nf6 9. Bg5 h6 10. Bxf6 gxf6 11. Qf3 Be7 12. c3 Be6 13. Rd1 Rb8 14. Nc2 Rg8 15.
h3 Rg5 16. g4 Rc8 17. a4 bxa4 18. Bxa6 Rb8 19. Ndb4 Nxb4 20. Nxb4 Rb6 21. Qe2
Qb8 22. Rd2 Kf8 23. O-O Qc7 24. Ra1 Qd7 25. Qe3 Rb8 26. Nd5 Bd8 27. Qe2 h5 28.
f3 hxg4 29. hxg4 Bxg4 30. fxg4 Rxg4+ 31. Kf1 Rh4 32. Qg2 Rg4 33. Qf2 Qc6 34.
Bd3 Bb6 35. Nxb6 Rf4 36. Qxf4 exf4 37. Nxa4 f5 38. Re2 f3 39. Re3 fxe4 40. Bxe4
Qc4+ 41. Bd3 Qg4 $138 0-1

[Event "113th YMCA Autumn C"]
[Site "Warszawa"]
[Date "2012.09.25"]
[Round "2"]
[White "Blank, Kamil"]
[Black "Bartczak, Hanna"]
[Result "1/2-1/2"]
[WhiteElo "1680"]
[BlackElo "1562"]
[Annotator "Admin"]
[PlyCount "84"]
[EventDate "2012.09.18"]
[EventType "tourn"]
[EventRounds "1"]
[EventCountry "POL"]
[SourceDate "2012.09.18"]

1. e4 c6 2. d4 d5 3. Nc3 dxe4 4. Nxe4 Nd7 5. Nf3 Ndf6 6. Ng3 Bg4 7. Be2 e6 8.
h3 Bxf3 9. Bxf3 Ne7 10. O-O Ng6 11. Re1 Be7 12. c3 O-O 13. Qb3 Qb6 14. Qc2 Qc7
15. Bg5 Rfd8 16. h4 h6 17. h5 Nf4 18. Bxf4 Qxf4 19. Re2 Bd6 20. Rae1 Qh4 21.
Nf1 Nxh5 22. g3 Qg5 23. Qb3 Nf4 24. Re5 Bxe5 25. Rxe5 Qg6 26. Be4 Ne2+ 27. Kg2
Qf6 28. Qc2 Nxd4 29. cxd4 Rxd4 30. Rc5 Rb4 31. Rc3 Rd8 32. a3 Rbd4 33. Rf3 Qe7
34. Bh7+ Kh8 35. Rd3 g6 36. Bxg6 fxg6 37. Rxd4 Rxd4 38. Qxg6 Qg7 39. Qxe6 Kh7
40. Ne3 Qd7 41. Qe5 Rd2 42. Qe4+ Kh8 $11 1/2-1/2

[Event "113th YMCA Autumn C"]
[Site "Warszawa"]
[Date "2012.09.25"]
[Round "2"]
[White "Hacia, Damian"]
[Black "Kokoszczynski, Jan"]
[Result "0-1"]
[WhiteElo "1627"]
[BlackElo "1584"]
[PlyCount "74"]
[EventDate "2012.09.18"]
[EventType "tourn"]
[EventRounds "1"]
[EventCountry "POL"]
[SourceDate "2012.09.18"]

1. e4 c5 2. Nf3 d6 3. d4 cxd4 4. Nxd4 Nf6 5. Nc3 g6 6. f4 Nc6 7. Bb5 Bd7 8. Be3
Nxd4 9. Bxd7+ Qxd7 10. Bxd4 Bg7 11. Nd5 O-O 12. Bxf6 Bxf6 13. Nxf6+ exf6 14.
Qd3 Rfe8 15. O-O-O Qa4 16. f5 Rad8 17. fxg6 hxg6 18. Rhe1 Qxa2 19. Qd4 Re5 20.
Rd3 Qa1+ 21. Kd2 Qa5+ 22. Kd1 Qc5 23. Qxc5 Rxc5 24. Rf1 Kg7 25. Rdf3 Rd7 26.
Rxf6 Re5 27. R6f4 Rde7 28. Re1 d5 29. Kd2 Rxe4 30. Rexe4 dxe4 31. Ke3 f5 32. g4
Kf6 33. h4 Re5 34. h5 gxh5 35. gxf5 Rxf5 36. Rxe4 Re5 37. Rxe5 Kxe5 0-1

[Event "113th YMCA Autumn C"]
[Site "Warszawa"]
[Date "2012.10.03"]
[Round "2"]
[White "Sokur, Ivan"]
[Black "Rodak, Przemyslaw"]
[Result "1/2-1/2"]
[WhiteElo "1593"]
[BlackElo "1614"]
[PlyCount "71"]
[EventDate "2012.09.18"]
[EventType "tourn"]
[EventRounds "1"]
[EventCountry "POL"]
[SourceDate "2012.09.18"]

1. d4 d5 2. c4 e6 3. Nf3 Nf6 4. Nc3 Bb4 5. a3 Bxc3+ 6. bxc3 O-O 7. Bg5 h6 8.
Bxf6 Qxf6 9. e3 Nd7 10. cxd5 exd5 11. Bd3 c5 12. O-O c4 13. Bc2 Re8 14. Re1 Qd6
15. e4 dxe4 16. Bxe4 Nf6 17. Bc2 Bg4 18. Rxe8+ Rxe8 19. h3 Bh5 20. g4 Nxg4 21.
hxg4 Bxg4 22. Kg2 Qf4 23. d5 Re5 24. Nxe5 Bxd1 25. Rxd1 Qxe5 26. d6 Qg5+ 27.
Kf1 b5 28. d7 Qd8 29. Be4 g6 30. Bc6 Kg7 31. Bxb5 h5 32. Re1 Qg5 33. Re8 Qc1+
34. Kg2 Qg5+ 35. Kf1 Qc1+ 36. Kg2 1/2-1/2

[Event "113th YMCA Autumn C"]
[Site "Warszawa"]
[Date "2012.10.02"]
[Round "3"]
[White "Kokoszczynski, Jan"]
[Black "Sokur, Ivan"]
[Result "0-1"]
[WhiteElo "1584"]
[BlackElo "1593"]
[Annotator "Admin"]
[PlyCount "144"]
[EventDate "2012.09.18"]
[EventType "tourn"]
[EventRounds "1"]
[EventCountry "POL"]
[SourceDate "2012.09.18"]

1. f4 c5 2. Nf3 Nc6 3. g3 Qc7 4. Bg2 Nf6 5. O-O d5 6. d3 Bg4 7. h3 Bxf3 8. Bxf3
e6 9. c3 g5 10. e3 h5 11. Kh2 g4 12. Bg2 gxh3 13. Bxh3 Ng4+ 14. Bxg4 hxg4+ 15.
Kg2 f5 16. Rh1 Qg7 17. Rxh8 Qxh8 18. Qh1 Qxh1+ 19. Kxh1 Bg7 20. d4 b6 21. Bd2
Na5 22. b3 Rc8 23. Na3 a6 24. Kg2 Kf7 25. Rc1 Nb7 26. Nc2 Nd6 27. a3 Ne4 28.
Be1 b5 29. b4 cxb4 30. cxb4 Bf8 31. Kf1 Be7 32. Kg2 $11 Ke8 33. Kf1 Kd7 34. Kg2
a5 35. Kh2 axb4 36. axb4 Nc3 37. Ra1 Rc7 38. Kg2 Nd1 39. Rxd1 Rxc2+ 40. Kf1 Rb2
41. Ra1 Bxb4 42. Bxb4 Rxb4 43. Ra7+ Kd6 44. Ra6+ Ke7 45. Ra7+ Kf6 46. Rb7 Rb2
47. Kg1 b4 48. Kh1 Rb3 49. Kg2 Rxe3 50. Rxb4 Ke7 51. Rb8 Kd7 52. Rb7+ Kc6 53.
Rb4 Re2+ 54. Kf1 Rc2 55. Rb1 Rc4 56. Rd1 Kb5 57. Re1 Rc6 58. Kf2 Ra6 59. Rc1
Ra2+ 60. Kf1 Rd2 61. Re1 Rxd4 62. Rxe6 Rd3 63. Kf2 Rf3+ 64. Kg2 d4 65. Rf6 d3
66. Rxf5+ Kc4 67. Rf8 d2 68. Rc8+ Kd3 69. Rd8+ Ke2 70. Re8+ Re3 71. Rd8 d1=Q
72. Rxd1 Kxd1 0-1

[Event "113th YMCA Autumn C"]
[Site "Warszawa"]
[Date "2012.09.20"]
[Round "3"]
[White "Bartczak, Hanna"]
[Black "Hacia, Damian"]
[Result "1/2-1/2"]
[WhiteElo "1562"]
[BlackElo "1627"]
[PlyCount "36"]
[EventDate "2012.09.18"]
[EventType "tourn"]
[EventRounds "1"]
[EventCountry "POL"]
[SourceDate "2012.09.18"]

1. d4 Nf6 2. c4 e5 3. Bg5 exd4 4. Qxd4 Be7 5. Nf3 Nc6 6. Qd1 O-O 7. e3 d6 8.
Nc3 Bf5 9. Bd3 Bxd3 10. Qxd3 Ne5 11. Nxe5 dxe5 12. Qxd8 Rfxd8 13. Ke2 h6 14.
Bh4 Nd5 15. Nxd5 Bxh4 16. g3 c6 17. Nc3 Be7 18. Rhd1 f5 1/2-1/2

[Event "113th YMCA Autumn C"]
[Site "Warszawa"]
[Date "2012.10.11"]
[Round "3"]
[White "Budrewicz, Henryk"]
[Black "Blank, Kamil"]
[Result "1/2-1/2"]
[WhiteElo "1619"]
[BlackElo "1680"]
[Annotator "Admin"]
[PlyCount "57"]
[EventDate "2012.09.18"]
[EventType "tourn"]
[EventRounds "1"]
[EventCountry "POL"]
[SourceDate "2012.09.18"]

1. d4 d5 2. Bf4 Nf6 3. e3 e6 4. Bd3 c5 5. c3 Nc6 6. Nd2 b6 7. Qe2 Be7 8. Bg3
Bb7 9. f4 Rc8 10. Ngf3 cxd4 11. exd4 Nh5 12. Ne5 Nxg3 13. hxg3 Nxe5 14. fxe5 h6
15. Qg4 Bf8 16. Nf3 g6 17. Qf4 Bg7 18. g4 g5 19. Qe3 O-O 20. Kd2 f5 21. exf6
Qxf6 22. Ke2 Rce8 23. Ne5 Qf4 24. Raf1 Qxe3+ 25. Kxe3 Rxf1 26. Rxf1 Bxe5 27.
dxe5 Rf8 28. Rxf8+ Kxf8 29. Kd4 $11 1/2-1/2

[Event "113th YMCA Autumn C"]
[Site "Warszawa"]
[Date "2012.10.02"]
[Round "3"]
[White "Duda, Ryszard"]
[Black "Kalhorn, Marcin"]
[Result "1-0"]
[WhiteElo "1647"]
[BlackElo "1625"]
[PlyCount "105"]
[EventDate "2012.09.18"]
[EventType "tourn"]
[EventRounds "1"]
[EventCountry "POL"]
[SourceDate "2012.09.18"]

1. e4 c6 2. d4 d5 3. Nc3 dxe4 4. Nxe4 Bf5 5. Ng3 Bg6 6. Nf3 Nd7 7. Bd3 Ngf6 8.
O-O Qc7 9. Re1 e6 10. c3 Bd6 11. Qc2 Bxd3 12. Qxd3 O-O-O 13. b4 h6 14. a4 g5
15. Ba3 Rdg8 16. c4 h5 17. c5 Bxg3 18. fxg3 h4 19. gxh4 gxh4 20. Ne5 Nxe5 21.
dxe5 Ng4 22. Bb2 Rg5 23. Qd6 Rhg8 24. Re2 Ne3 25. Bc1 Rxg2+ 26. Rxg2 Nxg2 27.
Kf2 h3 28. Ra3 Nh4 29. Rxh3 Nf5 30. Qxc7+ Kxc7 31. Rh7 Rf8 32. h4 b6 33. h5
bxc5 34. bxc5 Kb7 35. Kf3 Nd4+ 36. Kg4 Nf5 37. Kg5 Ne7 38. Kf6 Nd5+ 39. Kg7 Rd8
40. Kxf7 Rd7+ 41. Kg8 Ne7+ 42. Kf8 Rd8+ 43. Kxe7 Ka6 44. Kxd8 Ka5 45. Rxa7+ Kb4
46. Be3 Kb3 47. a5 Ka4 48. h6 Ka3 49. Rb7 Ka4 50. a6 Ka5 51. a7 Ka6 52. Kc7 Ka5
53. a8=R# 1-0

[Event "113th YMCA Autumn C"]
[Site "Warszawa"]
[Date "2012.10.02"]
[Round "3"]
[White "Wilczynski, Adam"]
[Black "Wrabel, Antoni"]
[Result "1/2-1/2"]
[WhiteElo "1654"]
[BlackElo "1686"]
[Annotator "Admin"]
[PlyCount "38"]
[EventDate "2012.09.18"]
[EventType "tourn"]
[EventRounds "1"]
[EventCountry "POL"]
[SourceDate "2012.09.18"]

1. Nf3 d5 2. c4 e6 3. g3 Nf6 4. Bg2 c6 5. b3 Be7 6. Bb2 O-O 7. O-O Nbd7 8. d3
Qc7 9. Nbd2 Qa5 10. a3 dxc4 11. bxc4 c5 12. Qc2 Qc7 13. Qc3 Re8 14. a4 Bf8 15.
a5 Rb8 16. Rfb1 b6 17. axb6 axb6 18. Qc2 Bb7 19. Bc3 Ra8 $11 1/2-1/2

[Event "113th YMCA Autumn C"]
[Site "Warszawa"]
[Date "2012.10.02"]
[Round "3"]
[White "Kwiek, Janusz"]
[Black "Baranowicz, Jan"]
[Result "0-1"]
[WhiteElo "1669"]
[BlackElo "1652"]
[PlyCount "96"]
[EventDate "2012.09.18"]
[EventType "tourn"]
[EventRounds "1"]
[EventCountry "POL"]
[SourceDate "2012.09.18"]

1. Nf3 g6 2. d4 Bg7 3. c4 c5 4. d5 d6 5. Nc3 Bxc3+ 6. bxc3 f5 7. Rb1 Qa5 8. Qb3
Nd7 9. e3 Ngf6 10. Bd3 Nb6 11. O-O e5 12. Nd2 e4 13. Be2 Bd7 14. Qa3 Qxa3 15.
Bxa3 O-O-O 16. Rfc1 Rhe8 17. Rc2 Ba4 18. Rcb2 Nfd7 19. h4 Ne5 20. Rf1 Re7 21.
g3 h6 22. Kg2 Rdd7 23. Rh1 Rh7 24. Rf1 Rdg7 25. Rh1 Kc7 26. Rf1 Kc8 27. Rh1 Rh8
28. Rf1 Rhg8 29. Rh1 Kb8 30. Rf1 Kc7 31. Rh1 Rf8 32. Rf1 g5 33. Rh1 f4 34. hxg5
f3+ 35. Kf1 fxe2+ 36. Kxe2 hxg5 37. Rbb1 Bc2 38. Rbg1 Rgf7 39. Rg2 Na4 40. Nf1
Nxc4 41. Bc1 Nxc3+ 42. Ke1 Bd3 43. a3 Nxd5 44. Nd2 Ne5 45. Rh5 c4 46. Rgh2 c3
47. Nb3 Nf3+ 48. Kd1 c2# 0-1

[Event "113th YMCA Autumn C"]
[Site "Warszawa"]
[Date "2012.10.09"]
[Round "4"]
[White "Wrabel, Antoni"]
[Black "Kwiek, Janusz"]
[Result "1-0"]
[WhiteElo "1686"]
[BlackElo "1669"]
[PlyCount "171"]
[EventDate "2012.09.18"]
[EventType "tourn"]
[EventRounds "1"]
[EventCountry "POL"]
[SourceDate "2012.09.18"]

1. e4 c5 2. Nf3 Nc6 3. d4 cxd4 4. Nxd4 g6 5. c4 Bg7 6. Nc2 Nf6 7. Nc3 d6 8. Be2
O-O 9. O-O Nd7 10. Be3 Bxc3 11. bxc3 Nf6 12. f3 Be6 13. Nd4 Bd7 14. Rb1 b6 15.
Nb3 Rc8 16. g4 Ne5 17. Nd2 Be6 18. Qa4 Rc7 19. g5 Nfd7 20. f4 Bg4 21. Qd1 Bxe2
22. Qxe2 Nc6 23. Rf3 f6 24. gxf6 Nxf6 25. Rg3 Kh8 26. Qg2 Nh5 27. Rg4 e6 28.
Rf1 Qf6 29. e5 dxe5 30. fxe5 Qe7 31. Rxf8+ Qxf8 32. Ne4 Kg8 33. Rg5 Kh8 34. c5
b5 35. Nd6 Ne7 36. Nxb5 Rd7 37. Nd6 Nd5 38. Bd2 Qb8 39. Qf1 Kg8 40. c4 Qb2 41.
Qf2 Nb4 42. Bxb4 Qxb4 43. c6 Rc7 44. Rg4 Qb6 45. Qxb6 axb6 46. Kf2 Rxc6 47. Ke3
Kf8 48. Rg2 Ke7 49. Rf2 Rc7 50. Kd4 Kd7 51. Rf7+ Kc6 52. Rf8 Ng7 53. Nb5 Nf5+
54. Kc3 Re7 55. Rc8+ Kb7 56. Rd8 g5 57. Rg8 h6 58. Rg6 Kc6 59. Nd4+ Kd7 60. Kd3
Nxd4 61. Kxd4 Rh7 62. a4 Ke7 63. c5 bxc5+ 64. Kxc5 Rh8 65. Rg7+ Kd8 66. Kd6 Kc8
67. Kxe6 Re8+ 68. Re7 Rf8 69. Rf7 Rd8 70. Rh7 Rd4 71. Rxh6 Rxa4 72. Rh7 Ra2 73.
Kf5 Re2 74. e6 Kd8 75. Kf6 Rf2+ 76. Kxg5 Ke8 77. h4 Re2 78. Rh6 Ke7 79. Rg6
Re5+ 80. Kh6 Kf8 81. Rf6+ Kg8 82. h5 Re4 83. Kg6 Rg4+ 84. Kf5 Rh4 85. e7 Rxh5+
86. Kg6 1-0

[Event "113th YMCA Autumn C"]
[Site "Warszawa"]
[Date "2012.10.09"]
[Round "4"]
[White "Kalhorn, Marcin"]
[Black "Wilczynski, Adam"]
[Result "1-0"]
[WhiteElo "1625"]
[BlackElo "1654"]
[PlyCount "105"]
[EventDate "2012.09.18"]
[EventType "tourn"]
[EventRounds "1"]
[EventCountry "POL"]
[SourceDate "2012.09.18"]

1. e4 c5 2. Nc3 Nc6 3. g3 g6 4. Bg2 Bg7 5. d3 Nf6 6. Be3 d6 7. h3 Bd7 8. Qd2
Nd4 9. Nce2 Nc6 10. c3 Qa5 11. f4 e6 12. g4 h6 13. Ng3 Ne7 14. N1e2 e5 15. Nc1
Be6 16. O-O Qc7 17. Qf2 exf4 18. Bxf4 Nd7 19. Qd2 Nc6 20. Nce2 Nce5 21. b3 Nb6
22. d4 g5 23. dxe5 gxf4 24. exd6 Qd7 25. Nxf4 Be5 26. Rad1 O-O-O 27. Qe3 c4 28.
Qc5+ Kb8 29. Qxe5 cxb3 30. Nxe6 fxe6 31. axb3 Nc8 32. Qc5 b6 33. Qc7+ Qxc7 34.
dxc7+ Kxc7 35. e5 Rxd1 36. Rxd1 Rd8 37. Rxd8 Kxd8 38. Kf2 Ne7 39. Be4 a5 40.
Ke3 Kc7 41. Nh5 b5 42. Nf4 a4 43. bxa4 bxa4 44. Nxe6+ Kb6 45. Bb1 a3 46. h4 Ng6
47. Kd4 Nxh4 48. Kd5 Nf3 49. Nd4 Nh2 50. Bf5 a2 51. Nc2 Kc7 52. e6 Kd8 53. Kd6
1-0

[Event "113th YMCA Autumn C"]
[Site "Warszawa"]
[Date "2012.10.09"]
[Round "4"]
[White "Blank, Kamil"]
[Black "Duda, Ryszard"]
[Result "0-1"]
[WhiteElo "1680"]
[BlackElo "1647"]
[PlyCount "60"]
[EventDate "2012.09.18"]
[EventType "tourn"]
[EventRounds "1"]
[EventCountry "POL"]
[SourceDate "2012.09.18"]

1. e4 e6 2. d4 d5 3. exd5 exd5 4. c4 Nf6 5. Nc3 Be6 6. cxd5 Nxd5 7. Nf3 Be7 8.
a3 O-O 9. Bd3 a6 10. Qc2 h6 11. O-O Nd7 12. Re1 c5 13. Nxd5 Bxd5 14. Be4 Nf6
15. Bxd5 Nxd5 16. dxc5 Rc8 17. b4 b6 18. c6 Bf6 19. Bb2 Bxb2 20. Qxb2 Rxc6 21.
Rad1 Rd6 22. Qe5 Qd7 23. Nh4 Re6 24. Qd4 Rfe8 25. Rxe6 Qxe6 26. g3 Nf6 27. Ng2
Qc6 28. Ne3 Qf3 29. Rc1 Ne4 30. Nd1 Ng5 0-1

[Event "113th YMCA Autumn C"]
[Site "Warszawa"]
[Date "2012.09.27"]
[Round "4"]
[White "Hacia, Damian"]
[Black "Budrewicz, Henryk"]
[Result "1/2-1/2"]
[WhiteElo "1627"]
[BlackElo "1619"]
[PlyCount "123"]
[EventDate "2012.09.18"]
[EventType "tourn"]
[EventRounds "1"]
[EventCountry "POL"]
[SourceDate "2012.09.18"]

1. f4 d5 2. Nf3 c5 3. e3 e6 4. c4 Nf6 5. cxd5 exd5 6. Bb5+ Bd7 7. Bxd7+ Nbxd7
8. b3 Be7 9. Bb2 O-O 10. O-O b5 11. Nc3 b4 12. Ne2 Qb6 13. h3 Rfe8 14. g4 Bd6
15. Ng3 g6 16. g5 Ne4 17. Nxe4 Rxe4 18. Nh2 Rae8 19. h4 d4 20. Qg4 Ne5 21. Qe2
Nc6 22. Ng4 Be7 23. Qf3 Bd8 24. f5 Rxg4+ 25. Qxg4 dxe3 26. fxg6 hxg6 27. Qf4
Qc7 28. dxe3 Qxf4 29. exf4 Bb6 30. Kh1 Re2 31. Bf6 Bc7 32. Rfe1 Rxe1+ 33. Rxe1
Kf8 34. Be5 Nxe5 35. fxe5 Ke7 36. Kg2 Ke6 37. Kf3 Bxe5 38. Ke4 Bg3 39. Rh1 f5+
40. gxf6 Kxf6 41. h5 gxh5 42. Rxh5 Bd6 43. Kd5 Bf8 44. Kc6 Ke6 45. Rxc5 Bxc5
46. Kxc5 Kd7 47. Kxb4 Kc6 48. Ka5 Kb7 49. b4 a6 50. Ka4 Ka7 51. Kb3 Kb6 52. Kc4
Kc7 53. a4 Kb6 54. Kd5 Kc7 55. Kc5 Kb7 56. b5 axb5 57. axb5 Kc7 58. b6+ Kb7 59.
Kb5 Kb8 60. Kc4 Kc8 61. Kc5 Kb8 62. Kb4 1/2-1/2

[Event "113th YMCA Autumn C"]
[Site "Warszawa"]
[Date "2012.10.17"]
[Round "4"]
[White "Sokur, Ivan"]
[Black "Bartczak, Hanna"]
[Result "1-0"]
[WhiteElo "1593"]
[BlackElo "1562"]
[PlyCount "53"]
[EventDate "2012.09.18"]
[EventType "tourn"]
[EventRounds "1"]
[EventCountry "POL"]
[SourceDate "2012.09.18"]

1. d4 Nf6 2. c4 g6 3. Nc3 Bg7 4. Nf3 d6 5. e4 O-O 6. Be3 Nbd7 7. b4 c5 8. a3
Ng4 9. Be2 Nxe3 10. fxe3 b6 11. O-O Bb7 12. Rc1 Nf6 13. d5 Ng4 14. Qd2 Ne5 15.
Nd1 Qd7 16. Nxe5 Bxe5 17. Nf2 Qa4 18. Nd3 Qxa3 19. Nxe5 dxe5 20. b5 a5 21. Rb1
e6 22. Rfc1 exd5 23. Rc3 Qa4 24. Bd1 Qxc4 25. Rxc4 dxc4 26. Qc2 c3 27. Bf3 1-0